000 00432nam a2200157 4500
001 131400
003 ES-MaACL
005 20230906193955.0
007 t|
008 070214s1909 sp r ||||1| spa d
100 1 _aRodríguez, Teodoro.
_998304
245 1 3 _aLa enseñanza en España /
_cTeodoro Rodríguez.
260 _aMadrid :
_b[s.n.],
_c1909 (
_fImp. Helénica)
300 _a424 p. ;
_c19 cm.
852 _aES-MaACL
_jF-15063
999 _c131400
_d131400